[Event "Avoine op 27th"]
[Site "Avoine"]
[Date "2012.07.25"]
[Round "5"]
[White "Jouhaneau, Jacques"]
[Black "Haussernot, Cecile"]
[Result "0-1"]
[WhiteElo "1794"]
[BlackElo "2099"]
[PlyCount "133"]
[EventDate "2012.07.21"]
[EventType "swiss"]
[EventRounds "9"]
[EventCountry "FRA"]
[SourceTitle "CBM 149 Extra"]
[Source "ChessBase"]
[SourceDate "2012.08.24"]
[SourceVersion "1"]
[SourceVersionDate "2012.08.24"]
[SourceQuality "1"]

1. c4 e5 2. Nc3 Nf6 3. Nf3 Nc6 4. g3 Bc5 5. Bg2 0-0 6. d3 d6 7. 0-0 h6 8. a3 a5 9. Rb1 Bg4 10. h3 Be6 11. e3 Ba7 12. b4 axb4 13. axb4 Qd7 14. b5 Ne7 15. Kh2 e4 16. Nd2 exd3 17. Bxb7 Bxh3 18. Bxa8 Bxf1 19. Qxf1 Rxa8 20. Qxd3 Ng4+ 21. Kg1 Ne5 22. Qe4 Rb8 23. Ne2 f5 24. Qh1 d5 25. Bb2 dxc4 26. Bxe5 Qxd2 27. Qf3 Qd7 28. Qf4 Qd3 29. Rc1 Qxe2 30. Bxc7 Rxb5 31. Qxc4+ Qxc4 32. Rxc4 Rc5 33. Rxc5 Bxc5 34. Kg2 Kf7 35. Ba5 g5 36. Kf3 Ke6 37. Bd2 Kd5 38. g4 fxg4+ 39. Kxg4 Ke4 40. Bc1 Nd5 41. Bb2 Bf8 42. Ba1 Be7 43. Kh5 Kf5 44. Kxh6 g4 45. Bd4 Bf6 46. Bc5 Bg5+ 47. Kg7 Nxe3 48. fxe3 g3 49. e4+ Kxe4 50. Kg6 Be3 51. Bd6 g2 52. Bh2 Kf3 53. Kh5 Kf2 54. Kg4 Kf1 55. Kf3 Bc5 56. Ke4 Bd6 57. Bxd6 g1Q 58. Be5 Qg6+ 59. Kf4 Ke2 60. Bd4 Kd3 61. Bf2 Qf6+ 62. Kg3 Ke4 63. Kg2 Qf3+ 64. Kg1 Kd3 65. Ba7 Ke2 66. Bb6 Qh3 67. Ba7 0-1

[Event "Avoine op 24th"]
[Site "Avoine"]
[Date "2009.07.21"]
[Round "4"]
[White "Schwarzat, Julian"]
[Black "Jouhaneau, Jacques"]
[Result "1/2-1/2"]
[WhiteElo "2018"]
[BlackElo "1844"]
[PlyCount "39"]
[EventDate "2009.07.18"]
[EventType "swiss"]
[EventRounds "9"]
[EventCountry "FRA"]
[SourceTitle "CBM 131 Extra"]
[Source "ChessBase"]
[SourceDate "2009.09.03"]
[SourceVersion "2"]
[SourceVersionDate "2009.09.16"]
[SourceQuality "1"]

1. e4 c5 2. Nf3 d6 3. d4 cxd4 4. Nxd4 Nf6 5. Nc3 a6 6. f3 e6 7. Be3 Qc7 8. Qd2 Nbd7 9. g4 h6 10. a4 b6 11. Bg2 Bb7 12. 0-0 Rc8 13. Rfe1 Be7 14. Nb3 Ne5 15. Qf2 Nc4 16. Bc1 d5 17. exd5 Nxd5 18. Nxd5 Bxd5 19. f4 Bxg2 20. Qxg2 1/2-1/2

[Event "Avoine op 22nd"]
[Site "Avoine"]
[Date "2007.07.26"]
[Round "6"]
[White "Bodicker, Rob"]
[Black "Jouhaneau, Jacques"]
[Result "1-0"]
[WhiteElo "2095"]
[BlackElo "1874"]
[PlyCount "61"]
[EventDate "2007.07.21"]
[EventType "swiss"]
[EventRounds "9"]
[EventCountry "FRA"]
[SourceTitle "EXT 2010"]
[Source "ChessBase"]
[SourceDate "2010.11.25"]
[SourceVersion "1"]
[SourceVersionDate "2010.11.25"]
[SourceQuality "1"]

1. d4 Nf6 2. c4 e5 3. dxe5 Ng4 4. Bf4 g5 5. Bg3 Nc6 6. Nf3 Bg7 7. Nc3 Ngxe5 8. Nxe5 Nxe5 9. Qc2 d6 10. Rd1 Be6 11. e3 0-0 12. h4 g4 13. b3 Qe7 14. Be2 f5 15. Bf4 h6 16. Nd5 Qf7 17. Bg3 Bxd5 18. cxd5 Rac8 19. 0-0 Qf6 20. Qd2 Ng6 21. Qb4 Rb8 22. Rc1 Qe7 23. Rc2 Nxh4 24. Rfc1 Ng6 25. Rxc7 Qf6 26. Qxd6 Ne5 27. Rxg7+ Qxg7 28. Bxe5 Qf7 29. Qxh6 Qh7 30. Qxh7+ Kxh7 31. Bxb8 1-0

[Event "Metz op 24th"]
[Site "Metz"]
[Date "2006.04.29"]
[Round "8"]
[White "Jouhaneau, Jacques"]
[Black "Marchal, Jeremy"]
[Result "0-1"]
[WhiteElo "1919"]
[BlackElo "2083"]
[PlyCount "132"]
[EventDate "2006.04.22"]
[EventType "swiss"]
[EventRounds "9"]
[EventCountry "FRA"]
[SourceTitle "EXT 2007"]
[Source "ChessBase"]
[SourceDate "2006.11.23"]
[SourceVersion "1"]
[SourceVersionDate "2006.11.23"]
[SourceQuality "1"]

1. c4 e5 2. Nc3 Nc6 3. Nf3 f5 4. d3 Nf6 5. g3 d6 6. Bg2 g6 7. a3 Bg7 8. Qc2 0-0 9. b4 Ne7 10. Bb2 h6 11. 0-0 g5 12. e3 Ng6 13. Rfe1 Qe8 14. Rac1 c6 15. b5 Ne7 16. a4 c5 17. Rb1 Qh5 18. h4 Ng6 19. hxg5 hxg5 20. Kf1 f4 21. Ke2 g4 22. Rh1 Qf5 23. gxf4 exf4 24. Rbg1 fxe3 25. fxe3 Nh5 26. Kd1 gxf3 27. Bh3 Qxh3 28. Rxh3 Bxh3 29. Ne4 Ne5 30. Rh1 Bg2 31. Rxh5 f2 32. Nxf2 Bf3+ 33. Kc1 Bxh5 34. Kb1 Rf7 35. Ne4 Raf8 36. Ka2 Bg6 37. Qg2 Bxe4 38. Qxe4 Nxd3 39. Qxd3 Rf2 40. Qxd6 Rxb2+ 41. Ka3 Rbf2 42. Qxc5 b6 43. Qd5+ R8f7 44. Qd8+ Bf8+ 45. Kb3 Rg2 46. Qd5 Rg3 47. Kc2 Bc5 48. e4 Kf8 49. Qd1 Ke7 50. a5 Rff3 51. Qh1 Rf2+ 52. Kd1 Rf1+ 53. Qxf1 Rg1 54. Qxg1 Bxg1 55. axb6 axb6 56. Kc2 Kd6 57. Kd3 Bh2 58. Kc3 Kc5 59. Kb3 Be5 60. Kc2 Kxc4 61. Kb1 Kxb5 62. Ka2 Ka4 63. Kb1 Kb3 64. Kc1 b5 65. Kb1 b4 66. Kc1 Ka2 0-1

[Event "Metz op 24th"]
[Site "Metz"]
[Date "2006.04.24"]
[Round "3"]
[White "Vaillant, Stephane"]
[Black "Jouhaneau, Jacques"]
[Result "0-1"]
[WhiteElo "2034"]
[BlackElo "1919"]
[PlyCount "116"]
[EventDate "2006.04.22"]
[EventType "swiss"]
[EventRounds "9"]
[EventCountry "FRA"]
[SourceTitle "EXT 2007"]
[Source "ChessBase"]
[SourceDate "2006.11.23"]
[SourceVersion "1"]
[SourceVersionDate "2006.11.23"]
[SourceQuality "1"]

1. d4 Nf6 2. Nf3 c6 3. c4 d5 4. Nc3 e6 5. Bg5 Bb4 6. cxd5 Bxc3+ 7. bxc3 exd5 8. Qc2 h6 9. Bh4 Bg4 10. Ne5 Be6 11. Rb1 Qc8 12. Qb3 b5 13. Bxf6 gxf6 14. Nd3 Bf5 15. e3 Rg8 16. Qd1 Bg6 17. Rb2 Nd7 18. Nf4 Nb6 19. Bd3 a5 20. h4 Bxd3 21. Qxd3 Qg4 22. Rh3 Nc4 23. Rb1 Rh8 24. f3 Qd7 25. Rg3 Nd6 26. Nh5 0-0-0 27. Kf2 Qf5 28. Qxf5+ Nxf5 29. Rg4 Rde8 30. Re1 Re6 31. Rf4 Nd6 32. Ng7 Re7 33. Rxf6 Kd7 34. Rxd6+ Kxd6 35. Nf5+ Kd7 36. Nxe7 Kxe7 37. g4 Rg8 38. Kg3 f5 39. Kf4 fxg4 40. fxg4 Rf8+ 41. Kg3 Kd6 42. g5 hxg5 43. hxg5 c5 44. Kg4 c4 45. g6 Rf2 46. Kh5 Rxa2 47. Rg1 Rh2+ 48. Kg5 Ke7 49. Rf1 b4 50. Ra1 bxc3 51. Rc1 c2 52. Kf5 a4 53. Rg1 Rh5+ 54. Kg4 Rh2 55. Kf5 Rg2 56. Rc1 a3 57. Ke5 a2 58. Kxd5 Rd2 0-1

[Event "Metz op 24th"]
[Site "Metz"]
[Date "2006.04.22"]
[Round "1"]
[White "Meijers, Viesturs"]
[Black "Jouhaneau, Jacques"]
[Result "1-0"]
[WhiteElo "2482"]
[BlackElo "1919"]
[PlyCount "58"]
[EventDate "2006.04.22"]
[EventType "swiss"]
[EventRounds "9"]
[EventCountry "FRA"]
[SourceTitle "EXT 2007"]
[Source "ChessBase"]
[SourceDate "2006.11.23"]
[SourceVersion "1"]
[SourceVersionDate "2006.11.23"]
[SourceQuality "1"]

1. e4 c5 2. Nf3 d6 3. d4 cxd4 4. Nxd4 Nf6 5. Nc3 a6 6. Be2 e6 7. 0-0 Qc7 8. a4 Nbd7 9. Kh1 b6 10. f4 Bb7 11. Bf3 Rc8 12. Qe2 Qc4 13. Qf2 Be7 14. Bd2 0-0 15. Rae1 Qc7 16. g4 h6 17. g5 hxg5 18. fxg5 Nh7 19. g6 fxg6 20. Nxe6 Rxf3 21. Qxf3 Ne5 22. Nxc7 Nxf3 23. N3d5 Nxd2 24. Nxe7+ Kh8 25. Nxc8 Nxf1 26. Nxd6 Bc6 27. Rxf1 Nf6 28. Rg1 b5 29. axb5 axb5 1-0